000 01474nam a2200409Ii 4500
001 DIGDYK2165
003 NyNyDIG
006 m o d
007 cr |||||||||||
008 220803s2019 mx ob 000 0 spa d
035 _a(OCoLC)1107787799
040 _aDGITA
_beng
_erda
_epn
_cDGITA
020 _a9788413242040
_qeBook
_qepdf
020 _z9788413241616
050 1 4 _aGF41 ebook
082 0 4 _a304.2
100 1 _aJaquenod de Zsögön, Silvia,
_eauthor.
245 1 0 _aAntropología ambiental :
_bfundamentos /
_cSilvia Jaquenod De Zsögön.
264 1 _aMadrid, España :
_bDykinson,
_c2019.
300 _a1 online resource.
336 _atext
_btxt
_2rdacontent
337 _acomputer
_bc
_2rdamedia
338 _aonline resource
_bcr
_2rdacarrier
347 _atext file
_2rdaft
347 _bEPUB
504 _aIncludes bibliographical references.
588 0 _aOnline resource; title from ePub title page (Digitalia, viewed August 3, 2022)
650 0 _aHuman ecology.
650 0 _aNature
_xEffect of human beings on.
655 0 _aElectronic books.
791 2 _aDigitalia (Firm),
_edistributor.
793 0 _gDigitalia eBook Collection:
_aDykinson Editorial
776 0 8 _iPrint version:
_aJaquenod de Zsögön, Silvia.
_tAntropología ambiental.
_dMadrid, España : Dykinson, 2019
_z9788413241616
856 4 0 _3Digitalia Hispánica
_uhttps://www.digitaliapublishing.com/a/59939/
910 _aPremium collection: 2022
942 _cRAA
999 _c256665
_d256665